Normal view
MARC view
- المحلي، جلال الدين محمد بن احمد، م مشارك جلال الدين عبد الرحمن بن ابي بكر السيوطي؛ تقديم ومراجعه مروان سوار
Entry Personal Name
001 - CONTROL NUMBER
- control field: 62084
003 - CONTROL NUMBER IDENTIFIER
- control field: JO-AjAnu
005 - DATE AND TIME OF LATEST TRANSACTION
- control field: 20230606084136.0
008 - FIXED-LENGTH DATA ELEMENTS
- fixed length control field: 230606|| aca||aabn | a|a d
040 ## - CATALOGING SOURCE
- Original cataloging agency: JO-AjAnu
- Transcribing agency: JO-AjAnu
100 ## - HEADING--PERSONAL NAME
- Personal name: المحلي، جلال الدين محمد بن احمد، م مشارك جلال الدين عبد الرحمن بن ابي بكر السيوطي؛ تقديم ومراجعه مروان سوار
670 ## - SOURCE DATA FOUND
- Source citation: Work cat.: (JO-AjAnu)31663: المحلي، جلال الدين محمد بن احمد، م مشارك جلال الدين عبد الرحمن بن ابي بكر السيوطي؛ تقديم ومراجعه مروان سوار , author, تفسير الجلالين بهامش المصحف الشريف بالرسم العثماني